April 14th: Birthdays - Statistics

General Stats
  • This quiz has been taken 6 times
  • The average score is 5 of 18
Answer Stats
Year Clue Answer % Correct
1932 Movie Coal Miners Daughter is based on her life Loretta Lynn
83%
1973 Actor in The Pianist Adrien Brody
67%
1941 Player for the Cincinatti Reds Pete Rose
67%
1960 Actor in Everybody Loves Raymond Brad Garrett
50%
1966 Baseball Hall of Fame pitcher Greg Maddux
50%
1907 President of Haiti Francois Duvalier
33%
1904 Actor in Arthur (1981) John Gielgud
33%
1941 Actress in Darling Julie Christie
33%
1977 Actress in Buffy the Vampire Slayer Sarah Geller
33%
1889 Author of A Study of History Arnold Toynbee
17%
1891 Architect of the Constitution of India B.R. Ambedkar
17%
1945 Part of Deep Purple Ritchie Blackmore
17%
1966 Player for the Atlanta Braves David Justice
0%
1906 King of Saudi Arabia Faisal of Saudi Arabia
0%
1963 Won 4 Major titles Meg Mallon
0%
1961 Actor in Trainspotting Robert Carlyle
0%
1925 Actor in Illustrated Man Rod Steiger
0%
1738 3rd Duke of Portland William Cavendish-Bentinck
0%
No matching quizzes found
Score Distribution
Percent of People with Each Score
Percentile by Number Answered
Your Score History
You have not taken this quiz